Le droit sur le droit chemin?

Salvato in:
Dettagli Bibliografici
Autore principale: B. Van Doninck
Natura: Libro
Lingua:Undetermined
Pubblicazione: Bruxelles Academia-Bruylant 1999
Soggetti:
law
Tags: Aggiungi Tag
Nessun Tag, puoi essere il primo ad aggiungerne! !
Thư viện lưu trữ: Trung tâm Học liệu Trường Đại học Cần Thơ
LEADER 00509nam a2200193Ia 4500
001 CTU_73049
008 210402s9999 xx 000 0 und d
082 |a 340.1 
082 |b D683 
100 |a B. Van Doninck 
245 0 |a Le droit sur le droit chemin? 
245 0 |c B. Van Doninck, L. Van Daele et A. Naji 
260 |a Bruxelles 
260 |b Academia-Bruylant 
260 |c 1999 
650 |a law 
650 |x philosophy 
904 |i Minh 
980 |a Trung tâm Học liệu Trường Đại học Cần Thơ